Guess the NRL Player from their Club History #2 - Statistics

General Stats
  • This quiz has been taken 81 times
  • The average score is 5 of 12
Answer Stats
Picture Answer % Correct
Adam Reynolds
100%
Kalyn Ponga
78%
Brett Morris
54%
Charnze Nicoll-Klokstad
53%
Kodi Nikorima
47%
Tyrone Peachey
44%
Joseph Tapine
36%
Ash Taylor
24%
Josh McGuire
22%
Brett Finch
15%
Jack Gosiewski
15%
Kevin Naiqama
15%
No matching quizzes found
Score Distribution
Percent of People with Each Score
Percentile by Number Answered
Your Score History
You have not taken this quiz